000
00262nam a22001217a 4500
020
_a
0-7214-1552-0
082
_a
823
_b
DAL/L
100
_a
DALY, AUDREY
245
_a
THE LITTLE MERMAID
260
_a
UK
_b
LADYBIRD
650
_a
ENGLISH SHORT STORY
_z
UK
942
_c
BK
999
_c
4026
_d
4026